000
00360nam a2200109Ia 4500
008
221009s9999 xx 000 0 und d
082
_a
001
100
_a
डॉ शादाब अहमद सिददीकी
_9
31587
245
0
_a
मध्यप्रदेश सम्पूर्ण अध्ययन
260
_b
उपकार
942
_c
BK
999
_c
65124
_d
65124